[Event "Montcalm 5 2021-22 Online"]
[Site "Quebec CAN"]
[Date "2022.04.14"]
[Round "1"]
[White "Auger, Bertrand"]
[Black "Rochette, Mathieu"]
[Result "1-0"]
[WhiteElo "1916"]
[BlackElo "1411"]
[PlyCount "49"]
[EventDate "2022.04.14"]
[EventType "swiss"]
[EventRounds "5"]
[EventCountry "CAN"]

1. Nf3 c5 2. c4 Nc6 3. g3 g6 4. Bg2 Bg7 5. O-O d6 6. Nc3 e5 7. d3 Nge7 8. Bg5
O-O 9. Qd2 f6 10. Bh6 Be6 11. Bxg7 Kxg7 12. Ne1 Rb8 13. Nd5 b5 14. b3 bxc4 15.
dxc4 a5 16. Nd3 f5 17. Rad1 Bf7 18. Nxe7 Nxe7 19. Qc3 Qc7 20. f4 Kf6 21. g4
Rbd8 22. g5+ Ke6 23. fxe5 dxe5 24. Nf4+ exf4 25. Qf6# 1-0

[Event "Montcalm 5 2021-22 Online"]
[Site "Quebec CAN"]
[Date "2022.04.14"]
[Round "1"]
[White "Dube, Daniel"]
[Black "Bolduc, Steve"]
[Result "0-1"]
[WhiteElo "1865"]
[BlackElo "2189"]
[PlyCount "98"]
[EventDate "2022.04.14"]
[EventType "swiss"]
[EventRounds "5"]
[EventCountry "CAN"]

1. e4 c5 2. Nf3 d6 3. d4 cxd4 4. Nxd4 Nf6 5. f3 e5 6. Nb3 Be6 7. c4 Nbd7 8. Nc3
Rc8 9. Nd5 Nxe4 10. fxe4 Qh4+ 11. Kd2 Qxe4 12. Qf3 Qxf3 13. gxf3 b5 14. Na5
bxc4 15. Bxc4 Rxc4 16. Nxc4 Bxd5 17. b3 Bxf3 18. Re1 f6 19. Re3 Ba8 20. Ba3 d5
21. Bxf8 Kxf8 22. Na5 d4 23. Rg3 g6 24. Rc1 Ke7 25. Nc6+ Bxc6 26. Rxc6 f5 27.
Kd3 Rd8 28. Rc7 Kd6 29. Rxa7 Kc5 30. Ra5+ Kb4 31. Ra4+ Kb5 32. Ra7 Nc5+ 33. Kc2
d3+ 34. Kd1 f4 35. Rg5 Re8 36. Rxh7 Re6 37. Rg7 e4 38. Rc7 Rc6 39. Rxc6 Kxc6
40. Rxg6+ Kd5 41. b4 Na4 42. Kd2 Nb2 43. Kc3 Nd1+ 44. Kd2 Nf2 45. Rg8 e3+ 46.
Kc3 Ke4 47. b5 d2 48. Rd8 d1=Q 49. Rxd1 Nxd1+ 0-1

[Event "Montcalm 5 2021-22 Online"]
[Site "Quebec CAN"]
[Date "2022.04.14"]
[Round "1"]
[White "Fecteau, Martin"]
[Black "Vincent, Andre"]
[Result "1-0"]
[WhiteElo "1905"]
[BlackElo "1019"]
[PlyCount "59"]
[EventDate "2022.04.14"]
[EventType "swiss"]
[EventRounds "5"]
[EventCountry "CAN"]

1. d4 d5 2. c4 e6 3. Nf3 Nf6 4. g3 Be7 5. Bg2 O-O 6. O-O c5 7. cxd5 exd5 8. Nc3
cxd4 9. Nxd4 Nc6 10. Nxc6 bxc6 11. Qc2 Be6 12. Na4 Qd6 13. Bf4 Qd7 14. Nc5 Bxc5
15. Qxc5 Ne8 16. Rfd1 Nf6 17. Rac1 Rac8 18. Rd4 Rfd8 19. Bg5 Qb7 20. Bxf6 gxf6
21. Qc2 f5 22. Rh4 Rd7 23. Qd2 d4 24. Qg5+ Kh8 25. Qf6+ Kg8 26. b3 Qc7 27. Qg5+
Kh8 28. Qh6 f6 29. Qxf6+ Rg7 30. Qxe6 1-0

[Event "Montcalm 5 2021-22 Online"]
[Site "Quebec CAN"]
[Date "2022.04.14"]
[Round "1"]
[White "Lambert, Pierre"]
[Black "Crepault, Francois"]
[Result "1-0"]
[WhiteElo "1697"]
[BlackElo "1918"]
[PlyCount "107"]
[EventDate "2022.04.14"]
[EventType "swiss"]
[EventRounds "5"]
[EventCountry "CAN"]

1. e4 c5 2. c3 Nf6 3. e5 Nd5 4. d4 cxd4 5. Qxd4 e6 6. Nf3 Nc6 7. Qe4 f5 8. Qe2
Be7 9. g3 O-O 10. Bg2 d6 11. exd6 Bxd6 12. O-O Qc7 13. c4 Nf6 14. Nc3 a6 15.
Be3 f4 16. Bd2 Bd7 17. Ne4 Nxe4 18. Qxe4 e5 19. Bc3 Bf5 20. Qd5+ Kh8 21. c5 Be7
22. Nxe5 Bf6 23. Nxc6 Bxc3 24. bxc3 bxc6 25. Qxc6 Qxc6 26. Bxc6 Rac8 27. Bb7
Rxc5 28. Bxa6 Rxc3 29. Rac1 Ra3 30. Bc4 Bd3 31. Bxd3 Rxd3 32. Rfd1 Rxd1+ 33.
Rxd1 f3 34. Rd3 g5 35. g4 Rf4 36. h3 h5 37. gxh5 g4 38. hxg4 Rxg4+ 39. Kf1 Rf4
40. Ke1 Re4+ 41. Kd1 Re2 42. Rd2 Re5 43. Kc2 Kh7 44. a4 Kh6 45. Kc3 Kxh5 46.
Kd4 Re2 47. Kc3 Re5 48. Ra2 Kg4 49. a5 Kh3 50. a6 Kg2 51. a7 Re8 52. a8=Q Rxa8
53. Rxa8 Kxf2 54. Kd2 1-0

[Event "Montcalm 5 2021-22 Online"]
[Site "Quebec CAN"]
[Date "2022.04.14"]
[Round "1"]
[White "Marquis, Paul"]
[Black "Dumont, Eric"]
[Result "1-0"]
[WhiteElo "1989"]
[BlackElo "1798"]
[PlyCount "87"]
[EventDate "2022.04.14"]
[EventType "swiss"]
[EventRounds "5"]
[EventCountry "CAN"]

1. e4 c6 2. d4 d5 3. Nc3 dxe4 4. Nxe4 Nd7 5. Nf3 Ngf6 6. Ng3 g6 7. Bc4 Bg7 8.
O-O O-O 9. Qe2 Nb6 10. Bb3 Bg4 11. Rd1 e6 12. h3 Bxf3 13. Qxf3 h6 14. c4 Nbd7
15. Bf4 Qb6 16. a4 a5 17. c5 Qb4 18. Rac1 b5 19. Bd2 Qxd4 20. Bc3 Qh4 21. Qxc6
b4 22. Bd2 Ne5 23. Qd6 Nfg4 24. c6 Rad8 25. Qc7 Nxf2 26. Be1 Qxg3 27. Qxd8 Nf3+
28. Kf1 Nh2+ 29. Ke2 Rxd8 30. Rxd8+ Kh7 31. c7 Qxb3 32. c8=Q Qxb2+ 33. Rd2 Qe5+
34. Kxf2 Qf4+ 35. Ke2 Nf1 36. Qc4 Qf5 37. Qd3 Nxd2 38. Qxf5 gxf5 39. Bxd2 Kg6
40. Kd3 h5 41. Kc4 Bf6 42. Kb5 e5 43. Kxa5 b3 44. Rb1 1-0

[Event "Montcalm 5 2021-22 Online"]
[Site "Quebec CAN"]
[Date "2022.04.21"]
[Round "2"]
[White "Bolduc, Steve"]
[Black "Fecteau, Martin"]
[Result "1/2-1/2"]
[WhiteElo "2189"]
[BlackElo "1905"]
[PlyCount "48"]
[EventDate "2022.04.14"]
[EventType "swiss"]
[EventRounds "5"]
[EventCountry "CAN"]

1. e4 c5 2. Nf3 d6 3. d4 cxd4 4. Nxd4 Nf6 5. Nc3 a6 6. Bg5 e5 7. Nb3 Be6 8. f4
exf4 9. Nd4 Nbd7 10. Nxe6 fxe6 11. Bxf4 Qc7 12. Be2 Be7 13. O-O O-O 14. Bg3 Ne5
15. Qd4 Nfd7 16. Kh1 Rxf1+ 17. Rxf1 Rf8 18. Rd1 Rc8 19. a4 Qc5 20. Qxc5 Rxc5
21. Rd4 Rc6 22. Rb4 Rc7 23. Rd4 Rc6 24. Rb4 Rc7 1/2-1/2

[Event "Montcalm 5 2021-22 Online"]
[Site "Quebec CAN"]
[Date "2022.04.21"]
[Round "2"]
[White "Dumont, Eric"]
[Black "Vincent, Andre"]
[Result "1-0"]
[WhiteElo "1798"]
[BlackElo "1019"]
[PlyCount "73"]
[EventDate "2022.04.14"]
[EventType "swiss"]
[EventRounds "5"]
[EventCountry "CAN"]

1. d4 Nf6 2. Bf4 d5 3. e3 e6 4. Nd2 c5 5. c3 Nc6 6. Bd3 Be7 7. h3 O-O 8. Ngf3
h6 9. O-O Re8 10. Ne5 Bd6 11. Ndf3 Ne7 12. Rc1 Qb6 13. Qe2 a6 14. Bb1 Rd8 15.
Qc2 Ne4 16. Bh2 f5 17. Nh4 Bd7 18. g4 Be8 19. f3 Ng5 20. Qg2 Rac8 21. gxf5 exf5
22. Bxf5 Rc7 23. f4 Nxf5 24. Nxf5 Bxe5 25. fxe5 Ne4 26. Rf4 Bh5 27. Rxe4 dxe4
28. e6 Qxe6 29. Bxc7 Rd7 30. Nxh6+ Qxh6 31. Bf4 Qg6 32. Rc2 Qxg2+ 33. Rxg2 c4
34. Rg5 Bf3 35. Kf2 b5 36. a4 bxa4 37. Ra5 1-0

[Event "Montcalm 5 2021-22 Online"]
[Site "Quebec CAN"]
[Date "2022.04.23"]
[Round "2"]
[White "Lambert, Pierre"]
[Black "Auger, Bertrand"]
[Result "0-1"]
[WhiteElo "1697"]
[BlackElo "1916"]
[PlyCount "56"]
[EventDate "2022.04.14"]
[EventType "swiss"]
[EventRounds "5"]
[EventCountry "CAN"]

1. e4 e6 2. d4 d5 3. exd5 exd5 4. Nf3 Bd6 5. Bd3 Ne7 6. O-O O-O 7. Nc3 c6 8.
Re1 Bf5 9. Bg5 Bxd3 10. Qxd3 Qc7 11. Bxe7 Bxe7 12. Re2 Bd6 13. Rae1 Nd7 14. Nd1
Nf6 15. Qf5 Ne4 16. c4 g6 17. Qh3 Bb4 18. cxd5 cxd5 19. Nc3 Bxc3 20. Rc1 Qf4
21. Rxc3 Nxc3 22. bxc3 Rfe8 23. Re3 Rxe3 24. fxe3 Qxe3+ 25. Kf1 Re8 26. Ne5
Qxh3 27. gxh3 f6 28. Nd3 Re3 0-1

[Event "Montcalm 5 2021-22 Online"]
[Site "Quebec CAN"]
[Date "2022.04.21"]
[Round "2"]
[White "Rochette, Mathieu"]
[Black "Dube, Daniel"]
[Result "0-1"]
[WhiteElo "1411"]
[BlackElo "1865"]
[PlyCount "46"]
[EventDate "2022.04.14"]
[EventType "swiss"]
[EventRounds "5"]
[EventCountry "CAN"]

1. d4 Nf6 2. c4 c5 3. Nf3 cxd4 4. Nxd4 e5 5. Nf3 Nc6 6. e3 d6 7. Nc3 Be7 8. Be2
O-O 9. O-O h6 10. b3 Bf5 11. Ba3 a6 12. Nd2 Re8 13. Bf3 Qa5 14. Bb2 Rad8 15.
Nde4 Nxe4 16. Nxe4 Kh8 17. Ng3 Bh7 18. Bd5 f5 19. f4 Rf8 20. a3 Qb6 21. Re1 Bg6
22. Rc1 exf4 23. Bxc6 fxg3 0-1

[Event "Montcalm 5 2021-22 Online"]
[Site "Quebec CAN"]
[Date "2022.04.21"]
[Round "2"]
[White "Sauve, Richard"]
[Black "Marquis, Paul"]
[Result "1-0"]
[WhiteElo "1910"]
[BlackElo "1989"]
[PlyCount "81"]
[EventDate "2022.04.14"]
[EventType "swiss"]
[EventRounds "5"]
[EventCountry "CAN"]

1. d4 Nf6 2. c4 g6 3. Nc3 Bg7 4. e4 d6 5. f3 O-O 6. Be3 c5 7. d5 e6 8. Qd2 exd5
9. cxd5 a6 10. Nge2 b5 11. Ng3 Nbd7 12. Rc1 Ne5 13. b3 b4 14. Nd1 Bd7 15. Be2
Bb5 16. O-O h5 17. Nf2 h4 18. Ngh1 Nh7 19. Nd3 Nxd3 20. Bxd3 f5 21. Nf2 Bc3 22.
Rxc3 bxc3 23. Qxc3 Qf6 24. Qc2 f4 25. Bd2 Bxd3 26. Nxd3 g5 27. Bc3 Qe7 28. e5
dxe5 29. Nxe5 Qd6 30. Nc4 Qh6 31. d6 Nf6 32. Qf5 Rad8 33. Qxc5 g4 34. fxg4 Nxg4
35. Qd5+ Kh7 36. Re1 Ne3 37. Nxe3 fxe3 38. Qe4+ Kg8 39. Rxe3 Rxd6 40. Qc4+ Kh7
41. Re7+ 1-0

[Event "Montcalm 5 2021-22 Online"]
[Site "Quebec CAN"]
[Date "2022.04.28"]
[Round "3"]
[White "Auger, Bertrand"]
[Black "Sauve, Richard"]
[Result "1/2-1/2"]
[WhiteElo "1916"]
[BlackElo "1910"]
[PlyCount "74"]
[EventDate "2022.04.14"]
[EventType "swiss"]
[EventRounds "5"]
[EventCountry "CAN"]

1. Nf3 Nf6 2. g3 g6 3. b4 Bg7 4. Bb2 d5 5. Bg2 Qd6 6. a3 a5 7. Be5 Qd8 8. b5
Nbd7 9. Bb2 O-O 10. O-O Re8 11. d3 e5 12. c4 d4 13. a4 c5 14. bxc6 bxc6 15.
Nbd2 Qc7 16. Ng5 Rb8 17. Ba3 c5 18. Rb1 Bb7 19. Bxb7 Rxb7 20. Rb5 h6 21. Nge4
Nxe4 22. Rxb7 Qxb7 23. Nxe4 Qc6 24. g4 f5 25. gxf5 gxf5 26. Ng3 h5 27. e4 fxe4
28. Nxe4 Re6 29. Qxh5 Nf6 30. Nxf6+ Rxf6 31. Rb1 Rg6+ 32. Kf1 Qh1+ 33. Ke2 Qxb1
34. Qxg6 Qa2+ 35. Kf3 Qxa3 36. Qe8+ Bf8 37. Qg6+ Bg7 1/2-1/2

[Event "Montcalm 5 2021-22 Online"]
[Site "Quebec CAN"]
[Date "2022.04.28"]
[Round "3"]
[White "Dube, Daniel"]
[Black "Dumont, Eric"]
[Result "1-0"]
[WhiteElo "1865"]
[BlackElo "1798"]
[PlyCount "95"]
[EventDate "2022.04.14"]
[EventType "swiss"]
[EventRounds "5"]
[EventCountry "CAN"]

1. e4 c6 2. Nf3 d5 3. Nc3 dxe4 4. Nxe4 Nd7 5. Bc4 e6 6. Qe2 Nb6 7. Bb3 Be7 8.
d4 Nf6 9. Bg5 h6 10. Nxf6+ gxf6 11. Bh4 Nd5 12. Bg3 Bb4+ 13. Kf1 Bd6 14. c4 Ne7
15. Bxd6 Qxd6 16. Rd1 Bd7 17. g3 O-O-O 18. Kg2 Rhg8 19. Bc2 Ng6 20. Bxg6 Rxg6
21. c5 Qd5 22. Rhe1 h5 23. Qe4 Re8 24. Qxd5 exd5 25. Rxe8+ Bxe8 26. Nh4 Rg5 27.
f4 Rg8 28. Nf5 Kd8 29. Re1 Bd7 30. Nd6 h4 31. Nxb7+ Kc7 32. Nd6 hxg3 33. hxg3
Rh8 34. Re7 Rh7 35. Rxf7 Rxf7 36. Nxf7 Bf5 37. Nh6 Bb1 38. a3 Kd7 39. g4 Ke6
40. Kg3 a5 41. f5+ Ke7 42. Kf4 a4 43. g5 fxg5+ 44. Kxg5 Bd3 45. Ng4 Be2 46. f6+
Kf8 47. Ne5 Bb5 48. Kg6 1-0

[Event "Montcalm 5 2021-22 Online"]
[Site "Quebec CAN"]
[Date "2022.04.28"]
[Round "3"]
[White "Fecteau, Martin"]
[Black "Crepault, Francois"]
[Result "1-0"]
[WhiteElo "1905"]
[BlackElo "1918"]
[PlyCount "99"]
[EventDate "2022.04.14"]
[EventType "swiss"]
[EventRounds "5"]
[EventCountry "CAN"]

1. d4 d5 2. c4 dxc4 3. e3 Nf6 4. Bxc4 e6 5. Nf3 a6 6. O-O c5 7. Be2 b6 8. b3
Bb7 9. Bb2 Nbd7 10. Nbd2 Rc8 11. Rc1 Bd6 12. Bd3 Bb8 13. Qe2 b5 14. a4 bxa4 15.
Bxa6 Bxa6 16. Qxa6 axb3 17. Nxb3 c4 18. Rxc4 Rxc4 19. Qxc4 O-O 20. Ba3 Re8 21.
Qc6 Qc8 22. Rc1 Qxc6 23. Rxc6 Ne4 24. Nbd2 Nxd2 25. Nxd2 f5 26. Bd6 Bxd6 27.
Rxd6 Nf6 28. f3 Kf7 29. Ra6 e5 30. dxe5 Rxe5 31. Kf2 Rc5 32. Ra2 Rc7 33. Ke2
Nd5 34. Kf2 Nf6 35. Nf1 Rc3 36. Ng3 g6 37. Ne2 Rc7 38. h3 Re7 39. g4 fxg4 40.
hxg4 h5 41. g5 Nd7 42. Ra7 Ne5 43. Rxe7+ Kxe7 44. Nf4 Kf7 45. Ng2 Ke6 46. Nh4
Kf7 47. e4 Kg7 48. Ke3 Nf7 49. f4 Nh8 50. Kd4 1-0

[Event "Montcalm 5 2021-22 Online"]
[Site "Quebec CAN"]
[Date "2022.04.28"]
[Round "3"]
[White "Marquis, Paul"]
[Black "Bolduc, Steve"]
[Result "0-1"]
[WhiteElo "1989"]
[BlackElo "2189"]
[PlyCount "88"]
[EventDate "2022.04.14"]
[EventType "swiss"]
[EventRounds "5"]
[EventCountry "CAN"]

1. e4 c5 2. Nc3 Nc6 3. g3 g6 4. Bg2 Bg7 5. d3 d6 6. f4 Nf6 7. Nf3 Bg4 8. h3
Bxf3 9. Bxf3 O-O 10. O-O Rb8 11. Be3 Nd4 12. Bg2 b5 13. Qd2 b4 14. Nd1 Qa5 15.
Bxd4 cxd4 16. Nf2 Qc7 17. Rfc1 Rfc8 18. Nd1 h5 19. b3 Bh6 20. Nb2 Qc3 21. Qxc3
bxc3 22. Nc4 h4 23. gxh4 Bxf4 24. Rf1 Be5 25. Nxe5 dxe5 26. Bf3 Kg7 27. Kg2 Rh8
28. Kg3 Rh6 29. Rab1 Rbh8 30. b4 Rxh4 31. Rh1 g5 32. a4 g4 33. Bg2 gxh3 34.
Bxh3 R4h6 35. Bg2 Nh5+ 36. Kf2 Nf4 37. Rxh6 Rxh6 38. b5 Rh2 39. Rg1 Kf6 40. a5
Ke6 41. b6 axb6 42. a6 Kd6 43. a7 Rh8 44. Ra1 Ra8 0-1

[Event "Montcalm 5 2021-22 Online"]
[Site "Quebec CAN"]
[Date "2022.04.28"]
[Round "3"]
[White "Rochette, Mathieu"]
[Black "Lambert, Pierre"]
[Result "1-0"]
[WhiteElo "1411"]
[BlackElo "1697"]
[PlyCount "43"]
[EventDate "2022.04.14"]
[EventType "swiss"]
[EventRounds "5"]
[EventCountry "CAN"]

1. d4 d5 2. Nf3 c6 3. c4 Nf6 4. Nc3 e6 5. Bg5 Be7 6. e3 Nbd7 7. Bd3 O-O 8. O-O
dxc4 9. Bxc4 b5 10. Bb3 Bb7 11. Qe2 a6 12. Rac1 c5 13. dxc5 Nxc5 14. Bc2 Nfe4
15. Nxe4 Bxe4 16. Rfd1 Qe8 17. Bxe4 Nxe4 18. Bxe7 Qxe7 19. Ne5 Nf6 20. Rc6 Rfc8
21. Rdd6 Qxd6 22. Rxd6 1-0

[Event "Montcalm 5 2021-22 Online"]
[Site "Quebec CAN"]
[Date "2022.05.05"]
[Round "4"]
[White "Bolduc, Steve"]
[Black "Sauve, Richard"]
[Result "1-0"]
[WhiteElo "2189"]
[BlackElo "1910"]
[PlyCount "73"]
[EventDate "2022.04.14"]
[EventType "swiss"]
[EventRounds "5"]
[EventCountry "CAN"]

1. b3 d5 2. Bb2 Nf6 3. e3 g6 4. Bxf6 exf6 5. d4 Bg7 6. g3 O-O 7. Bg2 Nc6 8. Ne2
Bg4 9. Nbc3 Ne7 10. Qd2 Bxe2 11. Nxe2 c6 12. O-O f5 13. Rac1 Qb6 14. c4 Rfd8
15. c5 Qc7 16. b4 Kh8 17. Rb1 Ng8 18. b5 Qe7 19. Rb3 h5 20. bxc6 bxc6 21. Rfb1
h4 22. Qa5 hxg3 23. hxg3 Rac8 24. Rb7 Rd7 25. Qxa7 Rcc7 26. Rxc7 Rxc7 27. Qa8
Kh7 28. a4 Qd7 29. Nc3 Ne7 30. Bf3 Bh6 31. Kg2 Nc8 32. Qb8 g5 33. Be2 Ne7 34.
a5 f4 35. a6 fxe3 36. fxe3 Nf5 37. Bd3 1-0

[Event "Montcalm 5 2021-22 Online"]
[Site "Quebec CAN"]
[Date "2022.05.05"]
[Round "4"]
[White "Crepault, Francois"]
[Black "Vincent, Andre"]
[Result "1-0"]
[WhiteElo "1918"]
[BlackElo "1019"]
[PlyCount "85"]
[EventDate "2022.04.14"]
[EventType "swiss"]
[EventRounds "5"]
[EventCountry "CAN"]

1. d4 Nf6 2. Bg5 d5 3. Bxf6 exf6 4. e3 c6 5. c4 Bb4+ 6. Nc3 O-O 7. cxd5 Bxc3+
8. bxc3 Qxd5 9. Nf3 Bg4 10. Be2 Nd7 11. Qb3 Qxb3 12. axb3 Bxf3 13. Bxf3 g6 14.
O-O f5 15. b4 Nf6 16. c4 a6 17. Ra2 Ra7 18. b5 cxb5 19. cxb5 Ne4 20. Bxe4 fxe4
21. Rfa1 Raa8 22. bxa6 b6 23. a7 Rfc8 24. Ra6 Rc7 25. g4 h6 26. Kg2 g5 27. Rxb6
Raxa7 28. Rxa7 Rxa7 29. Rxh6 Kg7 30. Rb6 Re7 31. Kg3 Re6 32. Rxe6 fxe6 33. h4
Kg6 34. h5+ Kg7 35. Kg2 Kh6 36. Kf1 Kg7 37. Ke2 Kh6 38. Kd2 Kg7 39. Kc3 Kf6 40.
Kc4 Kf7 41. Kc5 Kf6 42. Kd6 Kf7 43. Ke5 1-0

[Event "Montcalm 5 2021-22 Online"]
[Site "Quebec CAN"]
[Date "2022.05.05"]
[Round "4"]
[White "Dumont, Eric"]
[Black "Lambert, Pierre"]
[Result "1-0"]
[WhiteElo "1798"]
[BlackElo "1697"]
[PlyCount "67"]
[EventDate "2022.04.14"]
[EventType "swiss"]
[EventRounds "5"]
[EventCountry "CAN"]

1. d4 Nf6 2. Bf4 d6 3. e3 g6 4. c4 Bg7 5. Nc3 O-O 6. Nf3 Nbd7 7. Be2 Re8 8. O-O
e5 9. Bg5 h6 10. Bh4 g5 11. Bg3 Nh5 12. dxe5 Nxg3 13. hxg3 dxe5 14. Qc2 c6 15.
Rad1 Qe7 16. Ne4 Nf6 17. Nd6 Rd8 18. c5 Ne8 19. Nxc8 Raxc8 20. b4 Rxd1 21. Rxd1
Rd8 22. Bc4 Nc7 23. Bb3 Bf6 24. Rxd8+ Qxd8 25. Qg6+ Kh8 26. Qxh6+ Kg8 27. Qg6+
Kh8 28. Qxf7 Nd5 29. Bc2 Qe7 30. Qh5+ Kg8 31. Bb3 Kf8 32. e4 Nxb4 33. Nxg5 Bxg5
34. Qh8# 1-0

[Event "Montcalm 5 2021-22 Online"]
[Site "Quebec CAN"]
[Date "2022.05.04"]
[Round "4"]
[White "Fecteau, Martin"]
[Black "Auger, Bertrand"]
[Result "0-1"]
[WhiteElo "1905"]
[BlackElo "1916"]
[PlyCount "104"]
[EventDate "2022.04.14"]
[EventType "swiss"]
[EventRounds "5"]
[EventCountry "CAN"]

1. d4 Nf6 2. c4 e6 3. Nf3 d5 4. Nc3 c6 5. Bg5 Nbd7 6. e3 Qa5 7. Bxf6 Nxf6 8.
Bd3 Bb4 9. Qc2 O-O 10. O-O dxc4 11. Bxc4 Qc7 12. a3 Be7 13. Bd3 a6 14. Ne4 h6
15. Rac1 Nxe4 16. Bxe4 Bd7 17. Ne5 Be8 18. f4 f6 19. Ng6 Bxg6 20. Bxg6 Rad8 21.
Qe4 Qd7 22. Bh5 Qd5 23. Qg6 Qf5 24. Qxf5 exf5 25. Bg6 Rd5 26. Rc3 Rfd8 27. b4
a5 28. bxa5 Rxa5 29. Rb1 b5 30. Rxc6 Rxa3 31. Kf2 b4 32. Bxf5 Kf8 33. Be6 Rc3
34. Rb6 Rd6 35. Rb8+ Bd8 36. d5 Ke7 37. R1xb4 Rc7 38. f5 Ra6 39. Rg4 Rc2+ 40.
Kf3 Ba5 41. Rb7+ Kd6 42. Rd7+ Kc5 43. Rgxg7 Kb5 44. Rb7+ Bb6 45. Rg4 Ra3 46.
Re4 Rcc3 47. Rf7 Bxe3 48. Kg4 Bg5 49. d6 Rc2 50. g3 Rxh2 51. Rb7+ Kc6 52. Reb4
h5# 0-1

[Event "Montcalm 5 2021-22 Online"]
[Site "Quebec CAN"]
[Date "2022.05.05"]
[Round "4"]
[White "Marquis, Paul"]
[Black "Dube, Daniel"]
[Result "1-0"]
[WhiteElo "1989"]
[BlackElo "1865"]
[PlyCount "97"]
[EventDate "2022.04.14"]
[EventType "swiss"]
[EventRounds "5"]
[EventCountry "CAN"]

1. d4 Nf6 2. c4 c5 3. d5 b5 4. b3 bxc4 5. bxc4 g6 6. Bb2 Bg7 7. e4 O-O 8. e5
Ne8 9. f4 d6 10. Nf3 e6 11. Nc3 dxe5 12. dxe6 Qxd1+ 13. Rxd1 Bxe6 14. Nxe5 Bxe5
15. fxe5 Nd7 16. Nd5 f6 17. exf6 Ndxf6 18. Bxf6 Nxf6 19. Be2 Rab8 20. O-O Kg7
21. Bf3 Rb2 22. Rf2 Rxf2 23. Kxf2 Ne4+ 24. Ke3 Bxd5 25. Rxd5 Nc3 26. Rxc5 Nxa2
27. Ra5 Re8+ 28. Kd4 Rd8+ 29. Ke5 Nb4 30. Rxa7+ Kh6 31. Rc7 Nd3+ 32. Ke6 Rf8
33. c5 Nxc5+ 34. Rxc5 Rf4 35. Re5 g5 36. Rf5 Rb4 37. h3 Rb6+ 38. Kf7 g4 39.
hxg4 Rb7+ 40. Ke8 Rb8+ 41. Kd7 Kg7 42. g5 Rb4 43. Ke6 Rb6+ 44. Ke5 Rb5+ 45. Kf4
Rb4+ 46. Be4 Rc4 47. Rb5 Rc7 48. Rb7 Rxb7 49. Bxb7 {0} 1-0

[Event "Montcalm 5 2021-22 Online"]
[Site "Quebec CAN"]
[Date "2022.05.12"]
[Round "5"]
[White "Crepault, Francois"]
[Black "Marquis, Paul"]
[Result "1/2-1/2"]
[WhiteElo "1918"]
[BlackElo "1989"]
[PlyCount "56"]
[EventDate "2022.04.14"]
[EventType "swiss"]
[EventRounds "5"]
[EventCountry "CAN"]

1. d4 d5 2. Bg5 Nf6 3. Bxf6 exf6 4. e3 Be6 5. Nd2 c6 6. Ngf3 Bd6 7. Bd3 O-O 8.
O-O f5 9. c4 g5 10. cxd5 cxd5 11. g3 Nc6 12. Nb1 Qf6 13. Nc3 Rac8 14. Rc1 Ne7
15. Qb3 b6 16. Ba6 Rcd8 17. Nb5 Bb8 18. Rc3 Bc8 19. Bxc8 Rxc8 20. Rfc1 g4 21.
Nh4 Qe6 22. Nc7 Bxc7 23. Rxc7 Rxc7 24. Rxc7 Rc8 25. Qc2 Rxc7 26. Qxc7 Qe4 27.
Qb8+ Kg7 28. Qe5+ Kg8 1/2-1/2

[Event "Montcalm 5 2021-22 Online"]
[Site "Quebec CAN"]
[Date "2022.05.12"]
[Round "5"]
[White "Dumont, Eric"]
[Black "Bolduc, Steve"]
[Result "0-1"]
[WhiteElo "1798"]
[BlackElo "2189"]
[PlyCount "52"]
[EventDate "2022.04.14"]
[EventType "swiss"]
[EventRounds "5"]
[EventCountry "CAN"]

1. d4 g6 2. Bf4 Bg7 3. e3 d6 4. c4 Nd7 5. Nc3 c6 6. Nf3 e5 7. dxe5 dxe5 8. Bg3
Nh6 9. e4 O-O 10. Be2 f6 11. O-O a5 12. Qc2 Nc5 13. Rfd1 Qb6 14. h3 Nf7 15. Ne1
Ng5 16. h4 Nge6 17. Nf3 Re8 18. Rd6 a4 19. Rad1 Qb4 20. Bf1 a3 21. b3 Qa5 22.
Ne2 Na6 23. Qd2 Qxd2 24. Nxd2 Bf8 25. Rxe6 Bxe6 26. Nc3 Red8 0-1

[Event "Montcalm 5 2021-22 Online"]
[Site "Quebec CAN"]
[Date "2022.05.12"]
[Round "5"]
[White "Lambert, Pierre"]
[Black "Pilon, Sabrina"]
[Result "1-0"]
[WhiteElo "1697"]
[BlackElo "1360"]
[PlyCount "55"]
[EventDate "2022.04.14"]
[EventType "swiss"]
[EventRounds "5"]
[EventCountry "CAN"]

1. e4 c5 2. Nf3 d6 3. Bb5+ Bd7 4. Bxd7+ Nxd7 5. O-O Ngf6 6. Re1 g6 7. d4 cxd4
8. Nxd4 Bg7 9. Be3 Nxe4 10. Bf4 Ndc5 11. f3 Nf6 12. Nb5 O-O 13. N1c3 a6 14. Na3
Qd7 15. Nc4 Rfc8 16. Nb6 Qc6 17. Nxa8 Rxa8 18. Rxe7 d5 19. Kh1 Rd8 20. Qe2 d4
21. Rd1 Bf8 22. Rc7 Qb6 23. Qc4 Ne6 24. Na4 Qxc7 25. Bxc7 Rd7 26. Be5 Ne8 27.
Nb6 Rd8 28. Nd5 1-0

[Event "Montcalm 5 2021-22 Online"]
[Site "Quebec CAN"]
[Date "2022.05.12"]
[Round "5"]
[White "Sauve, Richard"]
[Black "Fecteau, Martin"]
[Result "0-1"]
[WhiteElo "1910"]
[BlackElo "1905"]
[PlyCount "140"]
[EventDate "2022.04.14"]
[EventType "swiss"]
[EventRounds "5"]
[EventCountry "CAN"]

1. d4 d5 2. c4 c6 3. Nc3 Nf6 4. Nf3 e6 5. e3 Nbd7 6. Bd3 Bd6 7. e4 dxe4 8. Nxe4
Nxe4 9. Bxe4 Bb4+ 10. Bd2 Bxd2+ 11. Qxd2 Nf6 12. Bc2 O-O 13. O-O Qb6 14. b3 Rd8
15. Rfd1 Bd7 16. Qg5 h6 17. Qh4 c5 18. Rd2 Bc6 19. dxc5 Qxc5 20. Rad1 Rxd2 21.
Rxd2 Bxf3 22. gxf3 Qg5+ 23. Qxg5 hxg5 24. Be4 Rb8 25. Kf1 Kf8 26. Ke2 Ke7 27.
Rd1 Nh5 28. Rg1 f6 29. Ke3 b6 30. h4 gxh4 31. Bg6 Rh8 32. Bxh5 Rxh5 33. Rxg7+
Kd6 34. f4 h3 35. Rg1 Ra5 36. Rh1 Rxa2 37. Rxh3 Rb2 38. Kd4 Rxf2 39. Rh7 Rxf4+
40. Ke3 Rf5 41. Rxa7 Kc5 42. Rb7 Rh5 43. b4+ Kxc4 44. Rxb6 Rh3+ 45. Kf4 Rh4+
46. Kf3 Kd5 47. Rb5+ Kc6 48. Rb8 e5 49. Rf8 Rxb4 50. Rxf6+ Kd5 51. Rh6 Rb3+ 52.
Ke2 Kd4 53. Rh4+ e4 54. Kd2 Rb2+ 55. Kc1 Rg2 56. Rh8 Kd3 57. Rd8+ Ke2 58. Ra8
e3 59. Ra2+ Kf3 60. Ra8 Rd2 61. Rh8 Rf2 62. Re8 Rf1+ 63. Kc2 Ke2 64. Re7 Rf5
65. Rh7 Rc5+ 66. Kb3 Rc8 67. Rh6 Ke1 68. Rh1+ Kd2 69. Ra1 e2 70. Ra2+ Ke3 0-1

[Event "Montcalm 5 2021-22 Online"]
[Site "Quebec CAN"]
[Date "2022.05.12"]
[Round "5"]
[White "Vincent, Andre"]
[Black "Rochette, Mathieu"]
[Result "0-1"]
[WhiteElo "1019"]
[BlackElo "1411"]
[PlyCount "52"]
[EventDate "2022.04.14"]
[EventType "swiss"]
[EventRounds "5"]
[EventCountry "CAN"]

1. Nf3 c5 2. d4 d5 3. g3 Nc6 4. Bg2 Bg4 5. O-O Bxf3 6. Bxf3 Nxd4 7. Nd2 Nxf3+
8. Nxf3 e6 9. c3 a6 10. b3 Be7 11. Bf4 Nf6 12. Nd2 O-O 13. e3 Nd7 14. c4 e5 15.
Re1 exf4 16. exf4 Bf6 17. Rc1 dxc4 18. Nxc4 Qc7 19. Qc2 Bd4 20. Kg2 Rfe8 21. f3
Nf6 22. Re2 b5 23. Rce1 bxc4 24. Qxc4 Qc6 25. Re7 Rxe7 26. Rxe7 Nd5 0-1

[Event "Montreal CAN, Pere Noel Open 2022"]
[Site "Montreal CAN"]
[Date "2022.12.27"]
[Round "1.1"]
[White "Lopez Linares, Lizandro Fernando"]
[Black "Sambuev, Bator"]
[Result "0-1"]
[WhiteElo "2038"]
[BlackElo "2410"]
[PlyCount "68"]
[EventDate "2022.12.27"]
[EventType "swiss"]
[EventRounds "7"]
[EventCountry "CAN"]
[Source "ChessMix "]
[SourceDate "2023.01.10"]

1. d4 e6 2. Nf3 Nf6 3. c4 d5 4. Nc3 Be7 5. Bg5 h6 6. Bxf6 Bxf6 7. cxd5 exd5 8.
e3 O-O 9. Qc2 Be6 10. Be2 Qe7 11. O-O c5 12. Rfd1 Nc6 13. dxc5 Qxc5 14. Rac1
Qa5 15. Qb1 a6 16. Bd3 Rfd8 17. a3 d4 18. Ne4 Be7 19. Re1 Bf8 20. Ng3 Qb6 21.
e4 Rac8 22. h3 Na5 23. Nd2 Nb3 24. Nxb3 Qxb3 25. Ne2 g5 26. Rxc8 Bxc8 27. f4
Bg7 28. fxg5 hxg5 29. Rc1 Qb6 30. Ng3 g4 31. hxg4 Bh6 32. Nf5 Bxf5 33. exf5
Be3+ 34. Kf1 Qh6 0-1